Tratado elemental de terapéutica / (Record no. 96901)

MARC details
000 -LEADER
campo de control de longitud fija 00482nam a2200145 i 4500
001 - NÚMERO DE CONTROL
campo de control 96901
003 - IDENTIFICADOR DE NÚMERO DE CONTROL
campo de control ES-MaACL
007 - CAMPO FIJO DE DESCRIPCIÓN FÍSICA--INFORMACIÓN GENERAL
campo de control de longitud fija t|
008 - DATOS DE LONGITUD FIJA--INFORMACIÓN GENERAL
campo de control de longitud fija 050704m19181921sp ||||1| spa d
100 1# - ENTRADA PRINCIPAL--NOMBRE DE PERSONA
Nombre de persona Manquant, A.
9 (RLIN) 76084
245 10 - MENCIÓN DEL TÍTULO
Título Tratado elemental de terapéutica /
Mención de responsabilidad, etc. por A. Manquant; traducido de la séptima edición francesa revisada con arreglo a los más recientes trabajos.
260 ## - PUBLICACIÓN, DISTRIBUCIÓN, ETC.
Lugar de publicación, distribución, etc. Barcelona :
Nombre del editor, distribuidor, etc. Salvat,
Fecha de publicación, distribución, etc. 1918-1921.
300 ## - DESCRIPCIÓN FÍSICA
Extensión 4 v. ;
Dimensiones 25 cm.
852 ## - LOCALIZACIÓN
Ubicación ES-MaACL
Número de control de estantería E-557-60
Holdings
Estatus retirado Estado de pérdida Estado de daño No para préstamo Biblioteca de origen Biblioteca actual Ubicación en estantería Fecha de adquisición Fuente de adquisición Total de préstamos Signatura topográfica completa Código de barras Visto por última vez Precio de reemplazo Tipo de ítem Koha
        Biblioteca del Ateneo de Madrid Biblioteca del Ateneo de Madrid Depósito 2 17/01/2008     E-557-60 1101163 23/02/2023 23/02/2023 Libro impreso